Из истории ОАО "АвтоВАЗ" (Запись № 1323064)
[ простой вид ]
| 000 -МАРКЕР | |
|---|---|
| контрольное поле | 01587nam1a2200301 i 4500 |
| 001 - ИДЕНТИФИКАТОР ЗАПИСИ | |
| контрольное поле | RU\NLR\bibl\533724 |
| 005 - ИДЕНТИФИКАТОР ВЕРСИИ | |
| контрольное поле | 20260407123701.0 |
| 035 ## - ДРУГИЕ СИСТЕМНЫЕ НОМЕРА | |
| Идентификатор записи | (NLR Aleph) 000526010 |
| 100 ## - ДАННЫЕ ОБЩЕЙ ОБРАБОТКИ | |
| Данные общей обработки | 20040625g20039999u y0rusy50 ca |
| 101 0# - ЯЗЫК РЕСУРСА | |
| Язык текста, звукозаписи и т.д. | русский |
| 102 ## - СТРАНА ПУБЛИКАЦИИ ИЛИ ПРОИЗВОДСТВА | |
| Страна публикации | Российская Федерация |
| 105 ## - ПОЛЕ КОДИРОВАННЫХ ДАННЫХ: ТЕКСТОВЫЕ МАТЕРИАЛЫ, МОНОГРАФИЧЕСКИЕ | |
| Кодированные данные о монографическом текстовом документе | ||||z ||||| |
| 200 1# - ЗАГЛАВИЕ И СВЕДЕНИЯ ОБ ОТВЕТСТВЕННОСТИ | |
| Основное заглавие | Из истории ОАО "АвтоВАЗ" |
| Сведения, относящиеся к заглавию | Сб. ст. студентов ист. фак. Тольят. гос. ун-та |
| -- | (По материалам диплом. работ) |
| Первые сведения об ответственности | Открытое АО "АвтоВАЗ". Тольят. гос. ун-т. Ист. фак. Лаб. социал. истории |
| Последующие сведения об ответственности | [Редкол.: д.и.н., проф. А.Э. Лившиц и др.] |
| 210 ## - ПУБЛИКАЦИЯ, РАСПРОСТРАНЕНИЕ И ДР. | |
| Место издания, распространения и т.д. | Тольятти |
| Имя издателя, распространителя и т. д. | Изд-во ТГУ |
| Дата издания, распространения и т.д. | 2003 |
| 215 ## - ФИЗИЧЕСКАЯ ХАРАКТЕРИСТИКА | |
| Размеры | 21 |
| 463 #0 - УРОВЕНЬ ФИЗИЧЕСКОЙ ЕДИНИЦЫ | |
| Встроенное поле | 001532152 |
| 601 02 - НАИМЕНОВАНИЕ ОРГАНИЗАЦИИ КАК ПРЕДМЕТ | |
| Начальный элемент ввода | "АвтоВАЗ", акционерное общество |
| Идентифицирующий признак | Тольятти, город; Самарская область |
| Формальный подзаголовок | Сборники |
| Тематический подзаголовок | История |
| Системный номер авторитетной/нормативной записи | 2336750 |
| Идентификатор авторитетной/нормативной записи | RU\NLR\AUTH\661397018 |
| 686 1# - ИНДЕКСЫ ДРУГИХ КЛАССИФИКАЦИЙ | |
| Индекс | У30(2)585.152.731.092я43 |
| 702 #1 - ИМЯ ЛИЦА - ВТОРИЧНАЯ ОТВЕТСТВЕННОСТЬ | |
| Начальный элемент ввода | Лившиц |
| Часть имени, кроме начального элемента ввода | А. Э. |
| Расширение инициалов личного имени | Анатолий Эммануилович |
| Код отношения | Редактор |
| 711 02 - НАИМЕНОВАНИЕ ОРГАНИЗАЦИИ - АЛЬТЕРНАТИВНАЯ ОТВЕТСТВЕННОСТЬ | |
| Начальный элемент ввода | Тольяттинский государственный университет |
| Структурное подразделение | Исторический факультет |
| Идентификатор авторитетной/нормативной записи | RU\NLR\AUTH\8810054012 |
| Системный номер авторитетной/нормативной записи | 608455 |
| 712 02 - НАИМЕНОВАНИЕ ОРГАНИЗАЦИИ - ВТОРИЧНАЯ ОТВЕТСТВЕННОСТЬ | |
| Код отношения | Прочие |
| Начальный элемент ввода | "АвтоВАЗ", акционерное общество |
| Идентифицирующий признак | Тольятти |
| Идентификатор авторитетной/нормативной записи | RU\NLR\AUTH\889963459 |
| Системный номер авторитетной/нормативной записи | 423190 |
| 801 #0 - ИСТОЧНИК ЗАПИСИ | |
| Страна | Российская Федерация |
| Организация | NLR |
| Дата составления | 20040625 |
| Правила каталогизации | PSBO |
| 801 #1 - ИСТОЧНИК ЗАПИСИ | |
| Страна | Российская Федерация |
| Организация | NLR |
| Дата составления | 20040625 |
| 852 ## - МЕСТОНАХОЖДЕНИЕ И ШИФР ХРАНЕНИЯ | |
| Идентификатор организации | NLR |
| Шифр хранения (Call Number) | 2004-4/12705 |
| 942 ## - ДОПОЛНИТЕЛЬНЫЕ ЭЛЕМЕНТЫ ЗАПИСИ (АБИС) | |
| Тип экземпляра АБИС | Книга |
Нет доступных экземпляров.